| 000 | 00468nam a2200169 i 4500 | ||
|---|---|---|---|
| 001 | bg | ||
| 100 | 1 | _aPiprek, Jan. | |
| 245 | 1 | 0 |
_aWielki słownik niemiecko-polski. _nT. 2, _pP-Ż / _cJan Piprek, Juliusz Ippoldt. |
| 260 |
_aWarszawa, _c1979. |
||
| 650 | 9 | _aSłownik niemiecko-polski | |
| 700 | 1 |
_aIppoldt, Juliusz _d(1867-1960). |
|
| 040 | _cBPK | ||
| 041 | _apol | ||
| 080 | _a811.112.2::811.162.1]'374 | ||
| 942 | _cKS | ||
| 008 | s pl f |000 0 pol | ||
| 999 |
_c1354 _d1354 |
||